00601 a2200193 450000100060000002000150000604000240002110000280004524000300007324500250010330000070012836200090013544000080014465000310015294200070018395201040019095200960029499900170039069710 a853220175X cAnchieta - Itaigara aGomes, Álvaro Cardoso10aO menino invisívellpor10aO menino invisível a290 a1998 1aFTD 4aLiteratura infanto-juvenil cBK 00104070a88.1b88.1d2023-11-21l0o028.5 GOM MENp2346/ITAr2023-11-21 20:04:23w2023-11-21yBK 00102ddc4070a57.2b57.2d2024-07-08l0pif924r2024-07-08 12:05:39w2024-07-08yBKzOu c69710d69710